Star Wars dalla a-z - Statistics

Statistiche generali
  • Questo quiz è stato fatto 380 volte
  • Il punteggio medio è 15 su 26
Statistiche sulle risposte
Indizio Risposta % Corretto
Il Sith più iconico D Darth Vader
94%
Il pilota del Millenium Falcon H Han Solo
92%
La regina di Naboo A Amidala
90%
Cacciatore di taglie figlio d'arte B Boba Fett
89%
Droide protocollare C C3PO
88%
Il più grande maestro jedi Y Yoda
87%
Senatore che in realtà è Darth Sidious P Palpatine
85%
Il capo degli Hutt J Jabba the Hutt
84%
Darth M___, primo Sith ucciso nei film M Maul
84%
Jedi che vive su Tatooine conosciuto anche con il nome Ben O Obi Wan Kenobi
84%
Astrodroide con ruolo fondamentale nei film R R2D2
75%
Maestro di Obi Wan Q Qui Gon Jin
71%
Mace W____, interpretato da Samuel L. Jackson W Windu
71%
Il suo nome da clone era FN-2187 F Finn
67%
I due figli di Anakin Skywalker L Luke e Leia
61%
Cognome di Jyn, protagonista di Rogue One E Erso
45%
Cacciatore di taglie ucciso nella cantina di Tatooine G Greedo
35%
Avversario di Anakin nella corsa di sgusci S Sebulba
34%
Maz K____, dà a Rey la spada laser di Luke K Kanata
31%
Luminerà U_____, jedi maestra di arti mediche U Unduli
30%
Cancelliere sostituito da Palpatine V Valorum
27%
Droide assassino assunto per catturare il Falcon I IG88
18%
Il Boss dei gungam N Nass
18%
Wookie amico di Chewbacca che appare nella Vendetta dei Sith T Tarfull
14%
Metaforma assoldata per uccidere Padme Z Zam
12%
Principe X____, dall'Universo Legends X Xizor
4%
Nessun quiz corrispondente trovato
Distribuzione punteggi
Percentuale di utenti per punteggio
Percentile per numero di risposta
I tuoi punteggi nel tempo
Non hai fatto questo quiz